TEXT BOOK OF ORAL MEDICINE ,ORAL DIAGNOSIS AND ORAL RADIOLOGY (Record no. 4579)

MARC details
000 -LEADER
fixed length control field 00386nam a2200145Ia 4500
008 - FIXED-LENGTH DATA ELEMENTS--GENERAL INFORMATION
fixed length control field 150201s2010 xx 000 0 und d
082 ## - DEWEY DECIMAL CLASSIFICATION NUMBER
Classification number 617.63
Item number O2010O
100 ## - MAIN ENTRY--PERSONAL NAME
Personal name ONGOLE,RAVI KIRAN
245 ## - TITLE STATEMENT
Title TEXT BOOK OF ORAL MEDICINE ,ORAL DIAGNOSIS AND ORAL RADIOLOGY
250 ## - EDITION STATEMENT
Edition statement 1ST
260 ## - PUBLICATION, DISTRIBUTION, ETC. (IMPRINT)
Name of publisher, distributor, etc. ELSEVIER
Place of publication, distribution, etc. DELHI
Date of publication, distribution, etc. 2010
300 ## - PHYSICAL DESCRIPTION
Extent 1-824
650 ## - SUBJECT ADDED ENTRY--TOPICAL TERM
Topical term or geographic name as entry element ORAL MEDICINE
942 ## - ADDED ENTRY ELEMENTS (KOHA)
Source of classification or shelving scheme Dewey Decimal Classification
Koha item type Books
Koha issues (borrowed), all copies 5
Holdings
Withdrawn status Lost status Source of classification or shelving scheme Damaged status Not for loan Home library Current library Date acquired Source of acquisition Cost, normal purchase price Serial Enumeration / chronology SGTU Bill Number Total Checkouts Full call number Barcode Date last seen Date last checked out Bill Date Koha item type
    Dewey Decimal Classification     SGT Dental Library SGT Dental Library 17/11/2010 U.B.S.DELHI 795.00 1 SGTU 664 10 617.63 O2010O FD6319 23/09/2020 13/03/2020 08/04/2013 Books
    Dewey Decimal Classification     SGT Dental Library SGT Dental Library 17/11/2010 U.B.S.DELHI 795.00 1 SGTU 664 6 617.63 O2010O FD6320 19/06/2024 19/06/2024 08/04/2013 Books